Hi-Tech Pro (Запис № 331069)

МАРК-запис
000 -Лідер
fixed length control field 02058cas a22003137a 4500
001 - Контрольний номер
control field 44953
003 - Ідентифікатор контрольного номера
control field UA-OsUOA
005 - Дата та час останнього входження (трансакції)
control field 20190926105749.0
007 - Фіксоване поле фізичного опису
fixed length control field ta
008 - Елементи даних фіксованої довжини – загальна інформація
fixed length control field 200703c2006n ||ru qr|p||00| 0 ukrcdrus d
022 ## - Міжнародний стандартний серіальний номер (ISSN)
Міжнародний стандартний серіальний номер (ISSN) 18106625
040 ## - Джерело каталогізації
Агенція оригінальної каталогізації UA-OsUOA
Мова каталогізації rus
Агенція, яка здійснювала перезапис UA-OsUOA
Агенція, яка здійснювала модифікацію UA-OsUOA
041 ## - Код мови
Код мови тексту/ звукової доріжки чи окремого заголовка (П) rus
044 ## - Код країни видавця/ виробника
Код країни видавця/ виробника (П) UA
080 ## - Індекс Універсальної десяткової класифікації
Індекс Універсальної десяткової класифікації (УДК) (НП) 004
090 ## - Локальний шифр розміщення
Класифікаційний індекс УДК 004
Авторський знак (НП) H-11
099 ## - Місцевий розмір звичайного тексту (OCLC)
Передплатний індекс 98566
245 ## - Відомості про назву
Назва (НП) Hi-Tech Pro
Дані про відповідальність (НП) глав. ред. Табаков В.
260 ## - Публікація, розповсюдження і т.п. (Вихідні дані)
Місце публікації, розповсюдження і т.п. (П) К.
Ім’я/ наймення видавництва, розповсюджувача і т.п. (П) Юнивест Принт
310 ## - Поточна періодичність
Поточна періодичність щоквартально
520 ## - Резюме і т.п.
Резюме, реферат, анотація, тощо (НП) Стартовавший осенью 2006 года журнал hi-Tech PRO является следующим шагом в расширении круга изданий под брендом hi-Tech. Журнал нацелен на широкую аудиторию отечественных пользователей цифровых технологий. Сохраняя преемственность в стиле работы и добрые журналистские традиции, сформировавшиеся за более чем десятилетие выпуска журнала , редакция hi-Tech PRO намерена идти дальше. Сегодня она по-прежнему предлагает своим читателям знания и опыт лучшей на отечественном рынке команды экспертов, независимый взгляд и компетентные оценки самой крупной среди изданий Украины тестовой лаборатории, наиболее богатую подборку программ и материалов на DVD в каждом номере журнала hi-Tech PRO.
650 #7 - Додаткове предметне введення – тематичний термін
Тематичний термін чи географічна назва, як елемент введення (НП) 004 Інформаційні технології
Джерело заголовка чи терміна UDC
856 ## - Електронне місцезнаходження та доступ
Уніфікований ідентифікатор ресурсу (П) https://hi-tech.ua/catalog-hi-tech-pro/
942 ## - Додаткові елементи входу (Коха)
Тип елемента Koha Журнал
Source of classification or shelving scheme Universal Decimal Classification
955 ## - Код типу видання за змістом
Код типу видання за змістом (НП) інше
962 ## - Рік початку публікації
Рік 2006

Немає доступних примірників.